ბათუმის შოთა რუსთაველის სახელმწიფო უნივერსიტეტის ბიბლიოთეკა

Mosby's Manual of Diagnostic and Laboratory Tests / (ბიბ.ჩანაწერი № 45348)

000 -LEADER
fixed length control field 00815nam a2200229Ia 4500
001 - CONTROL NUMBER
control field 12172
003 - CONTROL NUMBER IDENTIFIER
control field GE_BSU
005 - DATE AND TIME OF LATEST TRANSACTION
control field 20221118114521.0
008 - FIXED-LENGTH DATA ELEMENTS--GENERAL INFORMATION
fixed length control field 181216s2014en xx |||||||||||||| ||eng||
020 ## - INTERNATIONAL STANDARD BOOK NUMBER
International Standard Book Number 9780323089494 x
040 ## - CATALOGING SOURCE
Transcribing agency GE_BSU
041 ## - LANGUAGE CODE
Language code of text/sound track or separate title eng
080 ## - UNIVERSAL DECIMAL CLASSIFICATION NUMBER
Universal Decimal Classification number 616(075.8) P-14
100 ## - MAIN ENTRY--PERSONAL NAME
Personal name Pagana,Kathleen Deska.
9 (RLIN) 15920
245 ## - TITLE STATEMENT
Title Mosby's Manual of Diagnostic and Laboratory Tests /
Statement of responsibility, etc. Kathleen Deska, Pagana, Timothy J. Pagana.
264 ## - PRODUCTION, PUBLICATION, DISTRIBUTION, MANUFACTURE, AND COPYRIGHT NOTICE
Place of production, publication, distribution, manufacture U.S.A.
Date of production, publication, distribution, manufacture, or copyright notice 2014.
300 ## - PHYSICAL DESCRIPTION
Extent 180 p.:
Other physical details ill.
Dimensions 23 cm.
653 ## - INDEX TERM--UNCONTROLLED
keyword Mosby's Manual of Diagnostic and Laboratory Tests.
653 ## - INDEX TERM--UNCONTROLLED
keyword დიაგნოსტიკური და ლაბორატორიული ტესტების სახელმძღვანელო.
700 ## - ADDED ENTRY--PERSONAL NAME
Personal name Pagana,Timothy J
9 (RLIN) 15921
942 ## - ADDED ENTRY ELEMENTS (KOHA)
Koha item type წიგნი
Source of classification or shelving scheme
ეგზემპლარები
Withdrawn status Lost status Source of classification or shelving scheme Damaged status Not for loan Permanent Location Current Location Shelving location Date acquired Cost, normal purchase price Full call number Barcode Date last seen Copy number Price effective from Koha item type Public note
          ბათუმის შოთა რუსთაველის სახელმწიფო უნივერსიტეტის მთავარი ბიბლიოთეკა ბათუმის შოთა რუსთაველის სახელმწიფო უნივერსიტეტის მთავარი ბიბლიოთეკა წიგნსაცავი 2018-12-17 132.00 616(075.8) P-14 36069 2018-12-17 36069 2018-12-17 წიგნი 132g.